Rasa, alankar, chhanda tatha anya kavyang (Record no. 102325)

MARC details
000 -LEADER
fixed length control field 00380nam a2200145Ia 4500
008 - FIXED-LENGTH DATA ELEMENTS--GENERAL INFORMATION
fixed length control field 230917s9999||||xx |||||||||||||| ||und||
040 ## - CATALOGING SOURCE
-- 29920
Original cataloging agency VIVEKANANDA LIBRARY
041 ## - Language
-- English
082 ## - DDC NUMBER
Classification number 891.2109 R185R
100 ## - MAIN ENTRY--PERSONAL NAME
Personal name Sharma, Venkat Ed
245 #0 - TITLE STATEMENT
Title Rasa, alankar, chhanda tatha anya kavyang
260 ## - PUBLICATION, DISTRIBUTION, ETC. (IMPRINT)
Place of publication, distribution, etc Jodhpur
Name of publisher, distributor, etc Rajasthani Granthagar
Date of publication, distribution, etc 1998
300 ## - PHYSICAL DESCRIPTION
Pages 218 p.
942 ## - ADDED ENTRY ELEMENTS (KOHA)
Koha item type Books
Holdings
Withdrawn status Lost status Source of classification or shelving scheme Damaged status Not for loan Location (home branch) Sublocation or collection (holding branch) Date acquired Koha issues (times borrowed) Koha full call number Accession No. Koha date last seen Koha item type
Withdrawn Lost and paid for Dewey Decimal Classification     VIVEKANANDA LIBRARY VIVEKANANDA LIBRARY 08/08/2002   891.2109 R185R 186304 17/09/2023 Books
© Designed and Maintained by Vivekananda Library, MDU Rohtak